Pripravenosť malých a stredných podnikov v SR na vstup do Európskej únie

Pripravenosť malých a stredných podnikov v SR na vstup do Európskej únie. Aktivity na podposru a prípravu integrácie MaSP v SR do EÚ.

Salvato in:
Dettagli Bibliografici
Autore principale: Lesáková, Ľubica
Natura: Capitolo di libro
Lingua:slovacco
Soggetti:
Tags: Aggiungi Tag
Nessun Tag, puoi essere il primo ad aggiungerne!!

MARC

LEADER 00000naa$a2200000$$$4500
001 0032922
005 20050906084330.8
041 0 |a slo 
044 |a SK 
245 1 0 |a Pripravenosť malých a stredných podnikov v SR na vstup do Európskej únie  |c Ľubica Lesáková 
520 |a Pripravenosť malých a stredných podnikov v SR na vstup do Európskej únie. Aktivity na podposru a prípravu integrácie MaSP v SR do EÚ. 
610 2 0 |a Európska únia 
610 2 0 |a integrácia ekonomická medzinárodná 
610 2 0 |a konkurencia trhová 
610 2 0 |a Slovensko 
610 2 0 |a podnik malý 
610 2 0 |a podnik stredný 
610 2 0 |a trh spoločný 
100 1 |a Lesáková, Ľubica